000 01397nam a22003977a 4500
003 CHAP
005 20220817044541.0
008 120918s2012 it r 00010 fre d
010 _a103947
011 _a104919
020 _a9789252067092
035 _a115609
040 _cCHAP
082 0 4 _a639.2
_bF46f v.955
110 2 _aFAO
245 1 0 _aRapport de la vingt-sixieme de la Commission Européenne consultative pour les pêches dans les eaux intérieures. Zagreb (Croatie), 17-20 mai 2010
_c/por FAO
260 _aRoma :
_bFAO,
_c2012
300 _aviii, 38 p.
490 0 _aFAO. Informe de pesca y acuicultura
_v955
590 _aBATCH-UPD
_b10
_c20130110
_lUCH01
_h0254
590 _aBATCH-UPD
_b10
_c20130110
_lUCH01
_h0303
590 _aBATCH-UPD
_b10
_c20130110
_lUCH01
_h0325
590 _aBATCH-UPD
_b10
_c20130110
_lUCH01
_h0434
590 _aBATCH-UPD
_b10
_c20130409
_lUCH01
_h2155
590 _aBATCH-UPD
_b10
_c20130409
_lUCH01
_h2203
590 _aBATCH-UPD
_b10
_c20130913
_lUCH01
_h1901
590 _aCONVERSION
_b10
_c20130109
_lUCH01
_h1357
650 4 _aAcuicultura.
_9758
650 4 _aAnguila.
_95824
650 4 _aPeces.
_986441
650 4 _aRecursos marinos
_xProtección.
_995159
830 1 0 _aFAO. Informe de pesca y acuicultura
_v955
_939588
901 _aBK
942 _cLIBRO
949 _a639.2 F46f v.955
_bBC
_cFAO
_d33724002346280
_eFAO1
_gDonaciØn
_h115609
_i115609
_st
999 _c103947
_d103947